[Event "SVK-ch U14"]
[Site "Liptovsky Mikulas"]
[Date "2019.04.28"]
[Round "7"]
[White "Grec, Jan Alexander"]
[Black "Kuzma, Samuel"]
[Result "1-0"]
[WhiteElo "1714"]
[BlackElo "1426"]
[PlyCount "69"]
[EventDate "2019.04.23"]
[EventType "swiss"]
[EventRounds "9"]
[EventCountry "SVK"]
[SourceTitle "CBM 190 Extra"]
[Source "ChessBase"]
[SourceDate "2019.07.15"]
[SourceVersion "1"]
[SourceVersionDate "2019.07.15"]
[SourceQuality "1"]

1. c4 e6 2. Nc3 b6 3. Nf3 Bb7 4. g3 f5 5. Bg2 Nf6 6. d3 Bb4 7. Bd2 0-0 8. 0-0 d6 9. Nd4 Bxg2 10. Nxe6 Qe7 11. Kxg2 Qxe6 12. Nb5 Na6 13. Bxb4 Nxb4 14. Nxc7 Qc8 15. Nxa8 Qxa8+ 16. Kg1 Ng4 17. Qb3 Nc6 18. Qc3 Qe8 19. h3 Nce5 20. hxg4 Nxg4 21. Kg2 Qa8+ 22. f3 Ne3+ 23. Kf2 Nxf1 24. Rxf1 Rf6 25. Rh1 Rg6 26. Qd4 Kh8 27. Qd5 Qc8 28. Qf7 Re6 29. Rh5 a5 30. Rxf5 Re8 31. Rd5 h6 32. Qf5 Qc6 33. Qg6 Rd8 34. g4 Qc7 35. Rh5 1-0

[Event "SVK-ch U14"]
[Site "Liptovsky Mikulas"]
[Date "2019.04.25"]
[Round "4"]
[White "Paluska, Karol"]
[Black "Kuzma, Samuel"]
[Result "1/2-1/2"]
[WhiteElo "1619"]
[BlackElo "1426"]
[PlyCount "93"]
[EventDate "2019.04.23"]
[EventType "swiss"]
[EventRounds "9"]
[EventCountry "SVK"]
[SourceTitle "CBM 190 Extra"]
[Source "ChessBase"]
[SourceDate "2019.07.15"]
[SourceVersion "1"]
[SourceVersionDate "2019.07.15"]
[SourceQuality "1"]

1. d4 d5 2. c4 Nc6 3. Nc3 dxc4 4. e3 Na5 5. Bxc4 Nxc4 6. Qa4+ Bd7 7. Qxc4 Nf6 8. Nf3 e6 9. Bd2 Be7 10. 0-0 0-0 11. Rfe1 c5 12. Qe2 cxd4 13. Nxd4 Qb6 14. Rab1 Rac8 15. Rec1 a6 16. Be1 Rc7 17. Rc2 Rfc8 18. Rbc1 h6 19. Qd3 Bd6 20. h3 Be5 21. Nf3 Bd6 22. Nd4 Be5 23. Nb3 Qd6 24. Qxd6 Bxd6 25. Nd4 Bb4 26. a3 Ba5 27. Kf1 Bb6 28. Nce2 Rxc2 29. Rxc2 Rxc2 30. Nxc2 Bb5 31. Bc3 Nd5 32. Ke1 Nxc3 33. Nxc3 Bc6 34. g3 Kf8 35. Nd4 Bxd4 36. exd4 Ke7 37. Kd2 Kd6 38. h4 b5 39. Ke3 f5 40. Kf4 Bd5 41. b4 Bb3 42. h5 Bc2 43. f3 Bd3 44. Ke3 Bc2 45. g4 fxg4 46. fxg4 e5 47. d5 1/2-1/2

[Event "SVK-ch U14"]
[Site "Liptovsky Mikulas"]
[Date "2019.04.23"]
[Round "1"]
[White "Kuzma, Samuel"]
[Black "Bochnicka, Vladimir1111"]
[Result "0-1"]
[WhiteElo "1426"]
[BlackElo "2079"]
[PlyCount "50"]
[EventDate "2019.04.23"]
[EventType "swiss"]
[EventRounds "9"]
[EventCountry "SVK"]
[SourceTitle "CBM 190 Extra"]
[Source "ChessBase"]
[SourceDate "2019.07.15"]
[SourceVersion "1"]
[SourceVersionDate "2019.07.15"]
[SourceQuality "1"]

1. e4 c5 2. Nf3 Nc6 3. d4 cxd4 4. Nxd4 Nf6 5. Nc3 e5 6. Ndb5 d6 7. Bg5 a6 8. Na3 b5 9. Nd5 Be7 10. Bxf6 Bxf6 11. c3 0-0 12. Nc2 Bg5 13. a4 bxa4 14. Rxa4 a5 15. Bc4 Rb8 16. b3 Kh8 17. 0-0 f5 18. exf5 Bxf5 19. Nce3 Bg6 20. Qe2 e4 21. b4 axb4 22. cxb4 Ne5 23. Qb2 Bxe3 24. Nxe3 Qf6 25. Bd5 Nf3+ 0-1

[Event "SVK-ch U14"]
[Site "Liptovsky Mikulas"]
[Date "2018.04.24"]
[Round "6"]
[White "Babjak, Samuel"]
[Black "Kuzma, Samuel"]
[Result "1-0"]
[WhiteElo "1399"]
[BlackElo "1253"]
[PlyCount "39"]
[EventDate "2018.04.21"]
[EventType "swiss"]
[EventRounds "9"]
[EventCountry "SVK"]
[SourceTitle "CBM 184 Extra"]
[Source "ChessBase"]
[SourceDate "2018.06.28"]
[SourceVersion "1"]
[SourceVersionDate "2018.06.28"]
[SourceQuality "1"]

1. e4 c5 2. Nf3 Nc6 3. d4 cxd4 4. Nxd4 g6 5. c4 Bg7 6. Be3 Nf6 7. Nc3 0-0 8. Be2 d6 9. 0-0 Bd7 10. h3 Rc8 11. Nxc6 Rxc6 12. Qb3 Qb8 13. Bf3 e5 14. Rad1 Rfc8 15. Be2 Rd8 16. Bg5 Be6 17. f4 Qc8 18. fxe5 Bxh3 19. gxh3 Qxh3 20. Rd3 1-0

[Event "SVK-ch U14"]
[Site "Liptovsky Mikulas"]
[Date "2018.04.22"]
[Round "3"]
[White "Klenko, Adam"]
[Black "Kuzma, Samuel"]
[Result "0-1"]
[WhiteElo "1135"]
[BlackElo "1253"]
[PlyCount "86"]
[EventDate "2018.04.21"]
[EventType "swiss"]
[EventRounds "9"]
[EventCountry "SVK"]
[SourceTitle "CBM 184 Extra"]
[Source "ChessBase"]
[SourceDate "2018.06.28"]
[SourceVersion "1"]
[SourceVersionDate "2018.06.28"]
[SourceQuality "1"]

1. e4 c5 2. Nf3 Nc6 3. Bc4 g6 4. c3 Bg7 5. d4 cxd4 6. cxd4 e6 7. e5 Nge7 8. Bg5 0-0 9. 0-0 d5 10. exd6 Qxd6 11. Nc3 Nf5 12. Ne4 Qb4 13. b3 Ncxd4 14. Nxd4 Nxd4 15. Bf6 Nf5 16. Qf3 b5 17. a3 Qa5 18. Bd3 Bb7 19. Bxg7 Kxg7 20. Qh3 Bxe4 21. Bxe4 Rac8 22. Bxf5 exf5 23. b4 Qb6 24. Rac1 Rc7 25. Rc3 Rfc8 26. Rfc1 Qd6 27. Rxc7 Rxc7 28. Qe3 Rc4 29. h3 Rxc1+ 30. Qxc1 Qd4 31. Qc7 h6 32. Qc5 Qxc5 33. bxc5 Kf6 34. f4 Ke6 35. c6 Kd6 36. c7 Kxc7 37. Kf2 Kc6 38. Ke3 Kd5 39. Kd3 a5 40. g3 f6 41. g4 fxg4 42. hxg4 b4 43. axb4 axb4 0-1